One Direction - Truly Madly Deeply - All lyrics - Statistics

General Stats
  • This quiz has been taken 31 times
  • The average score is 264 of 333
Answer Stats
Answer % Correct
I
100%
a
95%
deeply,
95%
deeply
95%
it
95%
madly,
95%
So,
95%
so
95%
Truly,
95%
truly,
95%
you
95%
you)
95%
you,
95%
Am
91%
am
91%
and
91%
And
91%
in
91%
In
91%
(In
91%
Like
91%
like
91%
me
91%
no
91%
on
91%
to
91%
are
86%
can't
86%
I'm
86%
just
86%
love
86%
love)
86%
love,
86%
my
86%
My
86%
not
86%
or
86%
Or
86%
the
86%
this
86%
we
86%
where
86%
who
86%
with
86%
(With
86%
With
86%
all
82%
always
82%
believe
82%
fall
82%
get
82%
got
82%
here
82%
it's
82%
tell
82%
that
82%
were
82%
world
82%
baby,
77%
completely
77%
did
77%
dream
77%
everything,
77%
everything
77%
foolishly,
77%
girl
77%
hope
77%
Hope
77%
say
77%
up
77%
you'll
77%
asleep,
73%
awake
73%
between?
73%
falling
73%
next
73%
somewhere
73%
still
73%
But
68%
casualty
68%
crazy,
68%
day
68%
kiss
68%
lying
68%
oh
68%
perfectly
68%
Should
68%
should
68%
somehow
68%
steal
68%
tree
68%
tried
68%
won't
68%
your
68%
branches
64%
finally
64%
keep
64%
leave
64%
much
64%
pictured
64%
put
64%
those
64%
walls
64%
was
64%
bed
59%
days
59%
don't
59%
heart
59%
how
59%
mean
59%
nights
59%
stay
59%
underdog
59%
wake
59%
ashamed
55%
Cause
55%
coffee
55%
could
55%
feel
55%
granola
55%
I'll
55%
Might
55%
months
55%
show
55%
sleepless
55%
vine
55%
weeks
55%
Wish
55%
would
55%
act
50%
big
50%
caught
50%
cool,
50%
deal?
50%
haven't
50%
said?
50%
said
50%
tray
50%
words
50%
back
45%
daydreams
45%
frame
45%
freeze
45%
here’s
45%
if
45%
kicked
45%
moment
45%
replay
45%
same
45%
twigs
45%
apart
41%
entwined?
41%
name
41%
someone
41%
truth,
41%
reliving
36%
tender
36%
touches
36%
tragic
36%
No matching quizzes found
Score Distribution
Percent of People with Each Score
Percentile by Number Answered
Your Score History
You have not taken this quiz